000 00287nam a2200121 i 4500
001 bg
245 0 _aWybrane problemy dydaktyki wyższej szkoły technicznej.
260 _aGdańsk,
_c1973.
040 _cBPK
041 _apol
942 _cKS
008 s pl f |000 0 pol
999 _c26055
_d26055
856 _uhttp://koha.tu.koszalin.pl/cgi-bin/koha/opac-detail.pl?biblionumber=26055
_yKatalog online BPK